| 000 | 00622nam a2200193 a 4500 | ||
|---|---|---|---|
| 003 | PILC | ||
| 005 | 20160217100815.0 | ||
| 008 | 110110s19uu xx 00 eng d | ||
| 020 | _a9780199582884 | ||
| 050 |
_aBF 723.C5 _b.Si54 2010 |
||
| 100 | _aSiegal, Michael. | ||
| 245 |
_aMarvelous minds : _bthe discovery of what children know / _cMichael Siegal. |
||
| 260 |
_aOxford , New York : _bOxford University Press, _c2008. |
||
| 300 |
_a253 pages : _billustrations ; _c20 cm. |
||
| 500 | _aIncludes bibliographical references and index. | ||
| 650 | _aCognition in children. | ||
| 942 |
_cBK _2lcc _kFOR |
||
| 999 |
_c39664 _d39664 |
||